| 000 | 00915nam a2200229 a 4500 | ||
|---|---|---|---|
| 001 | BRCA_8722 | ||
| 005 | 20190320210359.0 | ||
| 008 | 140217s1786----sp-#######---#000-0#spa-# | ||
| 041 | _aspa | ||
| 044 | _asp | ||
| 084 |
_aBE65 _b.S46 1786 |
||
| 100 | 1 |
_aSeñeri, Pablo _d1624-1694 _921265 |
|
| 245 | 1 | 0 |
_aQuaresma del padre Pablo Señeri _bde la compañía de Jesús, predicador de N. Santísima P. Inocencio XII. y su theologo _ctraducida de la lengua toscana a la castellana por el Doctor Antonio de las Casas. |
| 260 |
_aMadrid _bEn la Imprenta de Blas Roman _c1786 |
||
| 300 |
_a[4]. 394 p. (t.2) _c20.4 x 15 cm. |
||
| 500 | _aEstado físico: presenta encuadernación en pergamino, con lomo y portada desprendidos | ||
| 650 | 1 | 4 |
_aSermones de cuaresma _yObras anteriores a 1800 _921718 |
| 700 | 1 |
_aInocencio XII _cPapa _921719 |
|
| 700 | 1 |
_aCasas, Antonio de las _etr. _921720 |
|
| 902 | _aCFM | ||
| 942 |
_2lcc _cB |
||
| 999 |
_c8374 _d8374 |
||